|
|
|
|
| LEADER |
00000cam a2200000 a 4500 |
| 001 |
vtls008364833 |
| 003 |
SK-MaSNL |
| 005 |
20260301043147.0 |
| 008 |
020305s1934 xo f 000 0dslo |
| 015 |
|
|
|a SNBA19191938-000714
|
| 035 |
|
|
|a SK01SNKBSKHR20020057050
|
| 035 |
|
|
|a SKM000059513
|
| 040 |
|
|
|a SNK
|b slo
|c SNK
|e AACR2
|
| 041 |
0 |
|
|a slo
|
| 044 |
|
|
|a xo
|c SK
|
| 080 |
|
|
|a 884 Mickiewicz, Adam
|2 1981
|
| 080 |
|
|
|a 882 Puškin, Alexander
|2 1981
|
| 100 |
1 |
|
|a Bobek, Władysław,
|d 1902-1942
|4 aut
|9 57577
|
| 245 |
1 |
0 |
|a Mickiewicz a Puškin
|c Władysław Bobek
|
| 260 |
|
|
|a [Bratislava]
|b [s.n.]
|c 1934
|e Bratislava
|f Slov. tlač.
|
| 300 |
|
|
|a 14 s.
|c 8°
|
| 500 |
|
|
|a Názov nad textom
|
| 510 |
0 |
|
|a Zvláštny odtlačok z čas. Prúdy, r. XVIII. [1934], s. 543-556
|
| 600 |
1 |
7 |
|a Mickiewicz, Adam,
|d 1798-1855
|2 SNKMA
|9 89474
|
| 600 |
1 |
7 |
|a Puškin, Aleksandr Sergejevič,
|d 1799-1837
|2 SNKMA
|9 16675
|
| 650 |
0 |
7 |
|a poľská literatúra
|2 SNKPH
|9 1201
|
| 650 |
0 |
7 |
|a ruská literatúra
|2 SNKPH
|9 1204
|
| 655 |
|
7 |
|a štúdie
|2 SNKPH
|9 57033
|
| 655 |
|
7 |
|a separáty
|2 SNKPH
|9 70334
|
| 958 |
|
|
|a RK
|
| 958 |
|
|
|a TL
|
| 999 |
|
|
|c 592849
|d 594779
|
| 952 |
|
|
|t P60, <03>, [BOOK], {603}
|a SNK
|b SNK
|y PREZ
|7 0
|p 17A0250513
|o snkSC 21267
|0 0
|1 0
|4 0
|d 2000-09-16
|l 0
|r 2025-08-13 00:00:00
|w 2026-02-23
|